000 01244cam a2200301 i 4500
001 xx002755791
003 NUKAT
005 20260328201101.0
008 130221s1923 pl g |000 0 pol c
035 _a(OCoLC)829798786
035 _a(NUKAT)xx002755791
040 _aLUBL KUL/ac
_bpol
_erda
_cLUBL KUL/ac
_dLUBL KUL/JP
_dOLSZT 008/AL
245 0 0 _aPodział administracyjny Rzeczypospolitej Polskiej na jednostki terytorjalne I i II instancji (województwa i powiaty wzgl. jednostki równorzędne) wraz z alfabetycznym spisem.
260 _aWarszawa :
_bNakładem Ministerstwa Spraw Wewnętrznych,
_c1923
_e([Miejsce nieznane] :
_fDrukarnia F. Syrewicza i S-ki).
300 _a16 stron ;
_c23 cm.
336 _aTekst
_btxt
_2rdacontent
337 _aBez urządzenia pośredniczącego
_bn
_2rdamedia
338 _aWolumin
_bnc
_2rdacarrier
380 _aDruki ulotne
500 _aOpis według okładki.
648 7 _a1901-2000
_2DBN
_934996
648 7 _a1918-1939
_2DBN
_936041
650 7 _aPodział administracyjny
_2DBN
_939147
651 7 _aPolska
_2DBN
_935076
658 _aPolityka, politologia, administracja publiczna
710 1 _aPolska.
_bMinisterstwo Spraw Wewnętrznych (1954-1996).
_eWydawca
_4pbl
_939148
942 _2ddc
_cBK_NM
999 _c27319
_d27319